000 00380nam a2200133Ia 4500
008 231129s1994||||xx |||||||||||||| ||spa||
020 _a958-95718-0-8
040 _bspa
082 _a363.7 D431
245 0 _aDerecho y medio ambiente II
260 _c1994
264 _aCorporación Ecológica y Cultural "Penca de Sábila"
942 _2ddc
_cBKS
999 _c8992
_d8992